00761nam a2200277Ia 4500001000700000003000500007008004100012010001100053040000900064082001500073100003300088245008000121260003900201300001100240440000500251500000500256503001100261650005100272901001500323902000600338910000900344942000600353942000700359999001900366952009800385Z_2395CHAP220113s1986 xx 000 0 und d a165451 cCHAP a300.18 R64 aRojas Soriano, Raúl999378 aEl proceso de la investigación científica /cpor Raúl Rojas Soriano aMéxico, D. F. :bTrillas,c1986 a151 p. a a aI. C/E aCiencias socialesxMetodología I. t.9139313 a300.18 R64 aA a1986 c1 cc1 c165451d165451 00102ddc40708GRALaZbZc3d2005-11-09pz_0067r2022-01-18 00:00:00t1w2022-01-18yLIBRO